| 000 | 00919nam a22003257a 4500 | ||
|---|---|---|---|
| 001 | 57660 | ||
| 005 | 20230410132558.0 | ||
| 008 | 031104s2002 mx 000 0 spa | ||
| 010 | _a 2004357414 | ||
| 035 | _a(OCoLC)ocm54408188 | ||
| 040 |
_aDLC _cDLC _dBAKER _dBTCTA |
||
| 020 | _a9700514595 | ||
| 020 | _a9789700514598 | ||
| 029 | 1 |
_aNLGGC _b26171841X |
|
| 029 | 1 |
_aNZ1 _b8273206 |
|
| 029 | 1 |
_aAU@ _b000025312866 |
|
| 035 | _a(OCoLC)54408188 | ||
| 050 | 1 | 4 |
_aPQ7509.2.Q44 _bQ5 2002 |
| 049 | _aGRAL | ||
| 100 | 1 |
_aQuesada, Roberto, _d1962- |
|
| 245 | 1 | 0 |
_aNunca entres por Miami / _cRoberto Quesada. |
| 250 | _a1. ed. | ||
| 260 |
_aMéxico, D.F. : _bMondadori, _c2002. |
||
| 300 |
_a170 p. ; _c20 cm. |
||
| 938 |
_aBaker & Taylor _bBKTY _c13.95 _d13.95 _i9700514595 _n0003986874 _sactive |
||
| 938 |
_aBaker and Taylor _bBTCP _nbl2002010483 |
||
| 942 |
_2lcc _cbk |
||
| 946 | _aclperez | ||
| 994 |
_aC0 _bDRFGD |
||
| 999 |
_c84024 _d84024 |
||